| 000 | 00395pab a2200145 454500 | ||
|---|---|---|---|
| 008 | 180718b1985 xxu||||| |||| 00| 0 eng d | ||
| 100 | _aSmith, Ann Crowley | ||
| 245 | _aAdministrative innovation in municipal government | ||
| 260 | _c1985 | ||
| 300 | _a149-77 | ||
| 362 | _aJune | ||
| 650 | _aMunicipal Government | ||
| 773 | _aInternational Journal of Public Administration | ||
| 909 | _a13902 | ||
| 999 |
_c13902 _d13902 |
||